|
|
|
|
| LEADER |
00684nam a22001817a 4500 |
| 005 |
20151026130307.0 |
| 008 |
091014t xxu||||| |||| 00| 0 eng d |
| 020 |
|
|
|a 81-7534-532-2
|
| 080 |
|
|
|a (079):34
|b ARO
|
| 100 |
|
|
|a Arora, Manish
|9 6578
|
| 245 |
|
|
|a Universal's guide to L.L.B entrance examinations 2006-07
|
| 250 |
|
|
|a 16th ed.
|
| 260 |
|
|
|a New Delhi
|b Universal law publishing co.pvt.ltd
|c 2006
|9 6579
|
| 300 |
|
|
|a xi, 848p.
|
| 653 |
|
|
|a Competetive examination guide-law
|a Law-competetive examination guide
|a L.L.B. entrance guide
|
| 942 |
|
|
|c REF
|6 _
|
| 999 |
|
|
|c 2788
|d 2788
|
| 952 |
|
|
|0 0
|1 0
|2 udc
|4 0
|6 07934_ARO
|7 0
|9 12642
|a UL
|b UL
|d 2009-10-14
|o (079):34 ARO
|p 00055851
|r 2009-10-14
|w 2009-10-14
|y REF
|